00509nam a2200145 a 450000100100000000500170001000800410002704000250006810000300009324500500012326000470017330000200022095201060024099900170034600003648920200930075747.0120118p19uu ag 000 0 spa d aDO-SdBNPbspacBNPHU1 aCanclini, Santiado96272310aVictoria sobre el dolor /cSantiago Canclini. aBuenos Aires :bEditorial Verdad,c[199?]. a63 p. ;c18 cm. 0010507-18MOaGRbGRcOId2012-01-18iLF1l0o p36490-10r2020-06-25w2020-06-25y1ZNo se presta c35980d35980